000 00999nam a22003497a 4500
001 BR7803883
003 BR-BrBNA
005 20230928085631.0
007 ta
008 230509b bl.||||| |||| 00| 0 por d
040 _aBR-BrBNA
_bpor
_cBiblioteca Nacional de Agricultura
041 _a(Por)
072 _aF00; P20
_b3300
_b6700
_b8140
090 _ 3300 BR7803883
100 1 _aSantos, M.C. dos
245 1 _aManual de jardinagem e paisagismo
250 1 _a3. ed.
260 3 _aRio de Janeiro, RJ (Brasil):
_bLivraria Freitas Bastos S.A,
_c1978.
300 _a455 p.
500 _a82 illus.; 20 tables; Bibliography p. 451-455 (91 ref.); Glossary p. 438-450
650 _aProducao vegetal
650 _aRecurso da terra
650 _aTaxonomia vegetal
650 _aPlanta ornamental
650 _aAve ornamental
650 _aPeixe ornamental
650 _aJardim
650 _aPaisagismo
650 _aJardinagem
909 _a202309
_bLucia
_c55
_dLucia Elande
942 _cBK
999 _c25491
_d25491